| 000 | 00381nam a22001577a 4500 | ||
|---|---|---|---|
| 003 | SGT | ||
| 020 | _a9788175812901 | ||
| 082 | _a823.912 | ||
| 100 | _aDR. DEEPA SETHI | ||
| 245 | _aHEART OF DARKNESS | ||
| 260 |
_aNEW DELHI _bRAMA BROTHERS INDIA PVT. LTD. _c2008 |
||
| 300 | _a118 | ||
| 650 | _aENGLISH FICTION | ||
| 653 | _aBIOGRAPHICAL NOTE, OUTLINE STORY | ||
| 942 |
_2ddc _cFCM |
||
| 999 |
_c9432 _d9432 |
||